[Event "GER OS-208 email"]
[Site "GER email"]
[Date "2013.01.02"]
[Round "?"]
[White "Marwitz, Ullrich"]
[Black "Konig, Frank"]
[Result "1-0"]
[WhiteElo "1575"]
[BlackElo "1801"]
[PlyCount "87"]
[EventDate "2013.01.16"]
[EventType "tourn (corr)"]
[EventRounds "6"]
[EventCountry "GER"]
[SourceTitle "Corr 2015"]
[Source "ChessBase"]
[SourceDate "2015.07.17"]
[SourceVersion "1"]
[SourceVersionDate "2015.07.17"]
[SourceQuality "1"]

1. d4 Nf6 2. c4 e6 3. Nf3 Bb4+ 4. Bd2 Qe7 5. g3 Nc6 6. Nc3 0-0 7. Bg2 Bxc3 8. Bxc3 d5 9. 0-0 Rd8 10. Ne5 Nxe5 11. dxe5 Ne4 12. Bxe4 dxe4 13. Qc2 e3 14. f3 Bd7 15. Rfd1 Bc6 16. Bd4 a6 17. Bxe3 f5 18. exf6 Qxf6 19. b3 Be8 20. Rxd8 Rxd8 21. Rd1 Bg6 22. Rxd8+ Qxd8 23. Qb2 Qf6 24. Bd4 Qf7 25. Kg2 h5 26. Be5 c6 27. Qd4 Kh7 28. Qd8 Bb1 29. Ba1 Bxa2 30. Qd1 Qg6 31. e4 h4 32. Qc2 hxg3 33. hxg3 Bxb3 34. Qxb3 Qf7 35. c5 Qd7 36. Qc3 Qe7 37. Qe5 Qf7 38. g4 Qd7 39. Qd6 Qf7 40. Qd8 Kg6 41. Qh8 e5 42. Qh5+ Kf6 43. Qxe5+ Kg6 44. Qh5# 1-0

[Event "GER OS-197 email"]
[Site "GER email"]
[Date "2012.08.14"]
[Round "?"]
[White "Konig, Frank"]
[Black "Fischer, Ronald"]
[Result "0-1"]
[WhiteElo "1710"]
[BlackElo "1650"]
[PlyCount "82"]
[EventDate "2012.08.22"]
[EventType "tourn (corr)"]
[EventRounds "6"]
[EventCountry "GER"]
[SourceTitle "Corr 2015"]
[Source "ChessBase"]
[SourceDate "2015.07.17"]
[SourceVersion "1"]
[SourceVersionDate "2015.07.17"]
[SourceQuality "1"]

1. e4 d6 2. d4 Nf6 3. Nc3 e5 4. d5 c6 5. Nge2 Be7 6. Ng3 h5 7. Be2 h4 8. Nh5 Nxh5 9. Bxh5 h3 10. Qf3 g6 11. Bg4 Bxg4 12. Qxg4 hxg2 13. Qxg2 Qc8 14. Be3 Qh3 15. Qxh3 Rxh3 16. Ke2 Nd7 17. Rag1 Kf8 18. Rg3 Rh5 19. Rg2 Kg7 20. a3 a6 21. a4 Nf6 22. f3 Rc8 23. Kd3 Rch8 24. b3 cxd5 25. Nxd5 Nxd5 26. exd5 Rh3 27. Ke2 f5 28. c4 f4 29. Ba7 Bf6 30. Rf1 Re8 31. Kd1 e4 32. fxe4 Rxe4 33. Rgf2 g5 34. Kc2 Rc3+ 35. Kb2 b5 36. axb5 axb5 37. Bb8 bxc4 38. bxc4 Rcxc4+ 39. Kb1 Rc5 40. Bxd6 Rb4+ 41. Ka2 Ra5# 0-1

[Event "GER rap7 FSM/V03 email"]
[Site "GER email"]
[Date "2012.07.02"]
[Round "?"]
[White "Franke, Heiko"]
[Black "Konig, Frank"]
[Result "1-0"]
[WhiteElo "1904"]
[BlackElo "1842"]
[PlyCount "61"]
[EventDate "2012.07.12"]
[EventType "tourn (corr)"]
[EventRounds "4"]
[EventCountry "GER"]
[SourceTitle "Corr 2015"]
[Source "ChessBase"]
[SourceDate "2015.07.17"]
[SourceVersion "1"]
[SourceVersionDate "2015.07.17"]
[SourceQuality "1"]

1. c4 e5 2. g3 Nf6 3. Bg2 c6 4. d4 Bb4+ 5. Bd2 Qe7 6. dxe5 Bxd2+ 7. Qxd2 Qxe5 8. Nc3 0-0 9. Rd1 Re8 10. Nf3 Qe7 11. 0-0 Na6 12. e4 Nc5 13. Rfe1 d6 14. b4 Na6 15. b5 Nc5 16. bxc6 bxc6 17. e5 dxe5 18. Nxe5 Qc7 19. Bxc6 Bb7 20. Bxe8 Rxe8 21. Ng4 Rxe1+ 22. Qxe1 Bf3 23. Nd5 Bxd5 24. Nxf6+ gxf6 25. Qe8+ Kg7 26. Rxd5 Ne6 27. Rd7 Qxc4 28. Qxf7+ Kh6 29. Qxf6+ Kh5 30. Rxh7+ Kg4 31. Rh4# 1-0

[Event "GER HS-129 email"]
[Site "GER email"]
[Date "2012.06.18"]
[Round "?"]
[White "Schatz, Dieter"]
[Black "Konig, Frank"]
[Result "1-0"]
[WhiteElo "1720"]
[BlackElo "1801"]
[PlyCount "81"]
[EventDate "2012.06.25"]
[EventType "tourn (corr)"]
[EventRounds "6"]
[EventCountry "GER"]
[SourceTitle "Corr 2015"]
[Source "ChessBase"]
[SourceDate "2015.07.17"]
[SourceVersion "1"]
[SourceVersionDate "2015.07.17"]
[SourceQuality "1"]

1. e4 e5 2. Nf3 Nc6 3. c3 Bc5 4. d4 exd4 5. cxd4 Bb4+ 6. Bd2 Qe7 7. Bd3 Bxd2+ 8. Nbxd2 Nf6 9. 0-0 0-0 10. Rc1 d6 11. Re1 Bg4 12. Qb3 Rab8 13. e5 dxe5 14. dxe5 Nd7 15. Qc2 h6 16. Be4 Be6 17. b3 Nb4 18. Qxc7 Rfc8 19. Qxc8+ Rxc8 20. Rxc8+ Nf8 21. Rb8 Nc6 22. Ra8 Qa3 23. Nf1 Qxa2 24. Rd1 Bxb3 25. Rd2 Qa4 26. Bxc6 Qxc6 27. Rdd8 Qc5 28. h4 Be6 29. h5 Bd5 30. Rac8 Qa3 31. Rxd5 a6 32. Rdd8 Qe7 33. Ne3 g6 34. Nd5 Qa3 35. hxg6 Kg7 36. Rxf8 Kxg6 37. Rg8+ Kf5 38. Ne3+ Ke6 39. Rcd8 Qc1+ 40. Kh2 Qc6 41. Nd4+ 1-0

[Event "GER HS-103 email"]
[Site "GER email"]
[Date "2011.06.06"]
[Round "?"]
[White "Nitschke, Norbert"]
[Black "Konig, Frank"]
[Result "1-0"]
[WhiteElo "1842"]
[BlackElo "1842"]
[PlyCount "73"]
[EventDate "2011.06.15"]
[EventType "tourn (corr)"]
[EventRounds "6"]
[EventCountry "GER"]
[SourceTitle "Corr 2015"]
[Source "ChessBase"]
[SourceDate "2015.07.17"]
[SourceVersion "1"]
[SourceVersionDate "2015.07.17"]
[SourceQuality "1"]

1. e4 c5 2. Nf3 Nc6 3. Bb5 Qb6 4. Nc3 a6 5. Bxc6 dxc6 6. 0-0 Bg4 7. h3 Bh5 8. d3 Rd8 9. Na4 Qa5 10. b3 e6 11. Bg5 Be7 12. Bxe7 Nxe7 13. Qd2 Qc7 14. g4 Bg6 15. Qc3 0-0 16. Qe5 Rd6 17. Qg3 f6 18. e5 fxe5 19. Nxe5 Nd5 20. Nxc5 Nf4 21. Rae1 Qe7 22. Na4 Nd5 23. f4 Be8 24. f5 Rf6 25. Nc5 Rd8 26. Nxe6 Rc8 27. d4 Nc7 28. Nc5 Qd8 29. c3 b6 30. Nb7 Qd5 31. g5 Rf8 32. Ng4 Rxf5 33. Rxf5 Qxf5 34. Nd6 Qd7 35. Nf6+ gxf6 36. gxf6+ Kf8 37. Re7 1-0